"Jama' at-i-Islami, the Islamic Society" (Record no. 22151)

MARC details
000 -LEADER
fixed length control field 00328nam a2200109Ia 4500
100 ## - MAIN ENTRY--AUTHOR NAME
Author name John A.Subhan
245 #0 - TITLE STATEMENT
Title "Jama' at-i-Islami, the Islamic Society"
500 ## - GENERAL NOTE
General note The Henry Martyn school of Islamic Studies Mar - Apl 1942
650 ## - SUBJECT ADDED ENTRY--TOPICAL TERM
Topical Term Muslim Reform Movements
942 ## - ADDED ENTRY ELEMENTS (KOHA)
Koha item type Book Reviews

No items available.

                   Copyright © 2026 | Henry Martyn Institute | Hyderabad | TS-500052 | INDIA | Implemented by hmi.edu.in
Hit-Count:

Powered by Koha